03307 2201525 4500001002100000005001500021035002000036007000300056008004100059020002200100082001000122084001600132100002800148245010000176250001000276300003300286650002000319700003000339700002500369264003100394336002100425337003000446338002300476500002200499990001200521990001200533990001200545990001200557990001200569990001200581990001200593990001200605990001200617990001200629990001200641990001200653990001200665990001200677990001200689990001200701990001200713990001200725990001200737990001200749990001200761990001200773990001200785990001200797990001200809990001200821990001200833990001200845990001200857990001200869990001200881990001200893990001200905990001200917990001200929990001200941990001200953990001200965990001200977990001200989990001201001990001201013990001201025990001201037990001201049990001201061990001201073990001201085990001201097990001201109990001201121990001201133990001201145990001201157990001201169990001201181990001201193990001201205990001201217990001201229990001201241990001201253990001201265990001201277990001201289990001201301990001201313990001201325990001201337990001201349990001201361990001201373990001201385990001201397990001201409990001201421990001201433990001201445990001201457990001201469990001201481990001201493990001201505990001201517990001201529990001201541990001201553990001201565990001201577990001201589990001201601990001201613990001201625990001201637990001201649990001201661990001201673990001201685990001201697990001201709990001201721990001201733990001201745990001201757990001201769INLIS00000000000023120231009092134 a0010-1023000012ta231009 0 ind  a978-623-180-085-5 a629.2 a629.2 KAS d0 aKasus BuwonoePengarang1 aDasar-Dasar Teknik Otomotif SMK/MAK Kelas X :bProgram Keahlian Teknik Otomotif /cKasus Buwono acet 1 axi, 284 hlm :bilus ;c25 cm 4aTeknik Otomotif0 aBerti SagendraePengarang0 aDwi HartiePengarang aJakarta :bErlangga,c2023 2rdacontentateks 2rdamediaatanpa perantara 2rdacarrieravolume aKurikulum Merdeka a23.0356 a23.0357 a23.0358 a23.0359 a23.0360 a23.0361 a23.0362 a23.0363 a23.0364 a23.0365 a23.0366 a23.0367 a23.0368 a23.0369 a23.0370 a23.0371 a23.0372 a23.0373 a23.0374 a23.0375 a23.0376 a23.0377 a23.0378 a23.0379 a23.0380 a23.0381 a23.0382 a23.0383 a23.0384 a23.0385 a23.0386 a23.0387 a23.0388 a23.0389 a23.0390 a23.0391 a23.0392 a23.0393 a23.0394 a23.0395 a23.0396 a23.0397 a23.0398 a23.0399 a23.0400 a23.0401 a23.0402 a23.0403 a23.0404 a23.0405 a23.0406 a23.0407 a23.0408 a23.0409 a23.0410 a23.0411 a23.0412 a23.0413 a23.0414 a23.0415 a23.0416 a23.0417 a23.0418 a23.0419 a23.0420 a23.0421 a23.0422 a23.0423 a23.0424 a23.0425 a23.0426 a23.0427 a23.0428 a23.0429 a23.0430 a23.0431 a23.0432 a23.0433 a23.0434 a23.0435 a23.0436 a23.0437 a23.0438 a23.0439 a23.0440 a23.0441 a23.0442 a23.0443 a23.0444 a23.0445 a23.0446 a23.0447 a23.0448 a23.0449 a23.0450 a23.0451 a23.0452 a23.0453 a23.0454 a23.0455 a23.0456 a23.0457 a23.0458 a23.0459 a23.0460